000 00694nam a2200289Ia 4500
005 20260324141937.0
008 008 260324s9999 xx 000 0 eng d
020 _a9781315861357
037 _aEBOOK
040 _aCRL
040 _beng
040 _cCRL
041 _2eng
041 _aeng
084 _qCRL
100 _aIlona Treitel
_91210101
245 4 _aThe Dangers of Interpretation
245 0 _bArt and Artists in Henry James and Thomas Mann
260 _bTaylor and Francis
260 _c1996
365 _a
365 _b220
856 _uhttp://www.taylorfrancis.com/books/9781315861357
942 _cEBOOK
999 _c1813732
_d1813732